| Tag |
First Indicator |
Second Indicator |
Subfields |
| LEADER |
00000cam a2200000 a 4500 |
| 001 |
in00002785933 |
| 006 |
m o d |
| 007 |
cr cn||||||||| |
| 008 |
111118s2012 fluac ob 001 0 eng d |
| 005 |
20250816213217.8 |
| 010 |
|
|
|z 2011043463
|
| 020 |
|
|
|z 9781439811634 (hardback)
|
| 020 |
|
|
|z 9781439811658 (e-book)
|
| 035 |
|
|
|a (CaPaEBR)ebr10517983
|
| 035 |
|
|
|a (OCoLC)773298336
|
| 040 |
|
|
|a CaPaEBR
|c CaPaEBR
|d UtOrBLW
|
| 050 |
1 |
4 |
|a TK5105.59
|b .F58 2012eb
|
| 082 |
0 |
4 |
|a 005.8
|2 23
|
| 100 |
1 |
|
|a Fitzgerald, Todd.
|
| 245 |
1 |
0 |
|a Information security governance simplified :
|b from the boardroom to the keyboard /
|c Todd Fitzgerald ; foreword by Tom Peltier.
|
| 264 |
|
1 |
|a Boca Raton [Fla.] :
|b CRC Press,
|c 2012.
|
| 300 |
|
|
|a 1 online resource (xxviii, 381 pages) :
|b illustrations, portrait
|
| 336 |
|
|
|a text
|b txt
|2 rdacontent
|
| 337 |
|
|
|a computer
|b c
|2 rdamedia
|
| 338 |
|
|
|a online resource
|b cr
|2 rdacarrier
|
| 500 |
|
|
|a "An Auerbach book."
|
| 504 |
|
|
|a Includes bibliographical references and index.
|
| 520 |
|
|
|a "Security practitioners must be able to build cost-effective security programs while also complying with government regulations. Information Security Governance Simplified: From the Boardroom to the Keyboard lays out these regulations in simple terms and explains how to use control frameworks to build an air-tight information security (IS) program and governance structure.Defining the leadership skills required by IS officers, the book examines the pros and cons of different reporting structures and highlights the various control frameworks available. It details the functions of the security department and considers the control areas, including physical, network, application, business continuity/disaster recover, and identity management. Todd Fitzgerald explains how to establish a solid foundation for building your security program and shares time-tested insights about what works and what doesn't when building an IS program. Highlighting security considerations for managerial, technical, and operational controls, it provides helpful tips for selling your program to management. It also includes tools to help you create a workable IS charter and your own IS policies. Based on proven experience rather than theory, the book gives you the tools and real-world insight needed to secure your information while ensuring compliance with government regulations"--
|c Provided by publisher.
|
| 500 |
|
|
|a Electronic resource.
|
| 650 |
|
0 |
|a Information networks
|x Security measures.
|
| 650 |
|
0 |
|a Information resources management.
|
| 650 |
|
0 |
|a Business intelligence.
|
| 650 |
|
0 |
|a Information technology
|x Security measures.
|
| 655 |
|
7 |
|a Electronic books.
|2 local
|
| 710 |
2 |
|
|a ebrary, Inc.
|
| 856 |
4 |
0 |
|u https://ebookcentral.proquest.com/lib/tamucs/detail.action?docID=826929
|y Connect to the full text of this electronic book
|t 0
|
| 980 |
|
|
|a 121201
|b 79.95
|c USD
|e 79.95
|f YBP_EBR0000048150
|g 1
|
| 999 |
f |
f |
|s 428c2824-449b-3b1b-9a55-6f49e5a4df4e
|i 78cd0dd6-b9c5-304b-8649-8eb0aa972db6
|t 0
|
| 999 |
|
|
|a MARS
|
| 952 |
f |
f |
|a Texas A&M University
|b College Station
|c Electronic Resources
|d Available Online
|t 0
|e TK5105.59 .F58 2012eb
|h Library of Congress classification
|
| 998 |
f |
f |
|a TK5105.59 .F58 2012eb
|t 0
|l Available Online
|